Central Library OPAC University of Rajshahi

Chand Īrān shanās / (Record no. 83575)

MARC details
000 -LEADER
fixed length control field 00917cam a2200253 a 4500
001 - CONTROL NUMBER
control field 83575
003 - CONTROL NUMBER IDENTIFIER
rucl marc code BD-RjUL
005 - DATE AND TIME OF LATEST TRANSACTION
control field 20240424132759.0
008 - FIXED-LENGTH DATA ELEMENTS--GENERAL INFORMATION
fixed length control field 930212s1992 ii 000 0 urdo
020 ## - INTERNATIONAL STANDARD BOOK NUMBER
Terms of availability Rs90.00
035 ## - SYSTEM CONTROL NUMBER
System control number (BD-RjUL)83575
040 ## - CATALOGING SOURCE
Original cataloging agency DLC
Transcribing agency DLC
Modifying agency DLC
Language of cataloging eng
041 ## - LANGUAGE CODE
Language code of text/sound track or separate title urd
082 ## - DEWEY DECIMAL CLASSIFICATION NUMBER
Edition number 23
Classification number 891.55092
Author mark and year JAC 1992
100 1# - MAIN ENTRY--PERSONAL NAME
Personal name جائسى، کبىر احمد،;;, Kabīr Aḥmad,
Dates associated with a name 1934-2013.
9 (RLIN) 12698
245 10 - TITLE STATEMENT
Title Chand Īrān shanās /
Statement of responsibility, etc. کبىر احمد جائسى., ;; Kabir Aḥmad Jāʼisī.
260 ## - PUBLICATION, DISTRIBUTION, ETC. (IMPRINT)
Place of publication, distribution, etc. ʻAlīgaṛh :
Name of publisher, distributor, etc. ادارۂ علوم اسلامىه، اے. اىم. ىو.،;; ʻUlūm-i Islāmiyah, Ae. Em. Yū.,
Date of publication, distribution, etc. 1992.
300 ## - PHYSICAL DESCRIPTION
Pagination 200 p. ;
Size 22 cm.
500 ## - GENERAL NOTE
General note In Urdu.
520 ## - SUMMARY, ETC.
Summary, etc. Life and works of some Persian authors.
650 #0 - SUBJECT ADDED ENTRY--TOPICAL TERM
Topical term or geographic name as entry element Persian literature
General subdivision History and criticism.
9 (RLIN) 9865
Topical term or geographic name as entry element Authors, Persian
Chronological subdivision 20th century
General subdivision Biography.
9 (RLIN) 12699
942 ## - ADDED ENTRY ELEMENTS (KOHA)
Source of classification or shelving scheme Dewey Decimal Classification
Koha item type Books
Holdings
Lost status Source of classification or shelving scheme Damaged status Not for loan Collection code Permanent Location Current Location Shelving location Date acquired Source of acquisition Total Checkouts Full call number Date last seen Copy number Koha item type
  Dewey Decimal Classification   Not For Loan Non-fiction Central Library, University of Rajshahi Central Library, University of Rajshahi Reading Room 22/08/1995 Unstutite of Islamic Studied Ali garh   U 891.55092 JAC 1992 24/04/2024 C-1 Books